000
00272nam a2200109Ia 4500
008
220120s9999||||xx |||||||||||||| ||und||
082
_a
005.1 BAJ
100
_a
Bajpai, S K
_9
11423
245
0
_a
Introduction to Computers abd C
260
_b
New Delhi
300
_a
291p.
_b
150
999
_c
136348
_d
136348